Antología de obras de teatro argentino : desde sus orígenes a la actualidad

Guardado en:
Otros Autores: Aguilar, Cristóbal de, Varela, Juan Cruz, Seibel, Beatriz, pról.
Formato: Libro
Publicado: Buenos Aires : Instituto Nacional del Teatro
Series:Colección Historia Teatral
Materias:
Etiquetas: Agregar Etiqueta
Sin Etiquetas, Sea el primero en etiquetar este registro!
LEADER 01243nam a22002655a 4500
001 EHU.bham030013
003 AR-BHAM
005 20080103184624.0
008 130507b######################000#0#####d
020 |a 9879433475 
082 A 8 |a 862.4 
245 0 0 |a Antología de obras de teatro argentino :  |b desde sus orígenes a la actualidad 
260 |a Buenos Aires :  |b Instituto Nacional del Teatro 
300 |a 295 p. 
490 0 |a Colección Historia Teatral 
500 |a Tomo I: Sainetes urbanos y gauchescos (1800-1814)prólogo de Beatriz Seibel 
505 0 |a Sainetes urbanos: El carnaval -- La industria contra la fuerza -- Venció el desprecio el desdén / Cristóbal de Aguilar -- A río revuelto ganancia de pescadores / Juan Cruz Varela.Sainetes gauchescos: El valiente fanfarrón y criollo socarrón o El gaucho 1º parte -- Las bodas de Chivico y Pancha o El gaucho 2º parte -- El amor de la estanciera. 
653 |a Teatro argentino-1800-1814 
653 |a Sainetes 
653 |a Dramaturgia argentina-1800-1814 
653 |a Literatura gauchesca 
700 1 |a Aguilar, Cristóbal de 
700 1 |a Varela, Juan Cruz 
700 1 |a Seibel, Beatriz, pról. 
859 |a AR-BHAM  |b BIB. HUMANIDADES - General  |h A862.4  |i An88  |k A  |p 574.07  |t Ej.1  |v I